000 01148nam a2200265 4500
001 174569
003 ES-MaACL
005 20250830111240.0
008 100506s1776 sp p |||| | spa d
080 _a27
100 1 _aFlórez, Enrique,
_d1702-1773
_9142679
240 1 0 _aEspaña sagrada
245 1 0 _aEspaña sagrada.
_nTomo XXXI,
_pLas memorias de los varones ilustres Cesaraugustanos, que florecieron en los primeros siglos de la Iglesia, las noticias concernientes à las Iglesias muzárabes, literatos y reyes de Zaragoza ... y las obras del célebre Obispo Tajon, hasta hoy no publicadas /
_csu autor, Manuel Risco ... continuador de las obras del Rmo. P. MAestro Fr. Henrique Florez.
260 _aMadrid :
_ben la imprenta de D. Antonio de Sancha,
_c1776.
300 _a[28], 552 p. ;
_c20 cm.
500 _aApéndices, p. 166-552.
546 _aApéndices en latín.
610 2 4 _aIglesia Católica
_94639
650 0 7 _aHistoria
_2embne
_9179933
651 4 _aEspaña
_98159
700 1 _aRisco, Manuel.
_997459
852 4 _aBa
_jR-1617-69
_x C-16767-818
999 _c174569
_d174569